¡Todavía el 98! ; (Record no. 178275)

MARC details
000 -LEADER
campo de control de longitud fija 01357nam a2200325 i 4500
001 - NÚMERO DE CONTROL
campo de control 178275
003 - IDENTIFICADOR DE NÚMERO DE CONTROL
campo de control ES-MaACL
005 - FECHA Y HORA DE LA ÚLTIMA TRANSACCIÓN
campo de control 20250704062547.0
008 - DATOS DE LONGITUD FIJA--INFORMACIÓN GENERAL
campo de control de longitud fija 110524s1998 sp |||| |dspa d
020 ## - NÚMERO INTERNACIONAL ESTÁNDAR DEL LIBRO
Número Internacional Estándar del Libro 84-7030-477-1
080 ## - NÚMERO DE LA CLASIFICACIÓN DECIMAL UNIVERSAL
Número de la Clasificación Decimal Universal 821.134.2 Ganivet, Ángel 1.06
080 ## - NÚMERO DE LA CLASIFICACIÓN DECIMAL UNIVERSAL
Número de la Clasificación Decimal Universal 821.134.2-4"19"
100 1# - ENTRADA PRINCIPAL--NOMBRE DE PERSONA
Nombre de persona Azaña, Manuel,
Fechas asociadas al nombre 1880-1940
9 (RLIN) 24223
245 11 - MENCIÓN DEL TÍTULO
Título ¡Todavía el 98! ;
Resto del título El idearium de Ganivet ; Tres generaciones del Ateneo /
Mención de responsabilidad, etc. Manuel Azaña ; introducción de Santos Juliá.
246 3# - FORMA VARIANTE DEL TITULO
Título propio/Titulo breve Tres generaciones del Ateneo
260 ## - PUBLICACIÓN, DISTRIBUCIÓN, ETC.
Lugar de publicación, distribución, etc. Madrid :
Nombre del editor, distribuidor, etc. Biblioteca Nueva,
Fecha de publicación, distribución, etc. [1998]
300 ## - DESCRIPCIÓN FÍSICA
Extensión 185 p. :
Otras características físicas 1 retr. ;
Dimensiones 22 cm.
490 1# - MENCIÓN DE SERIE
Mención de serie Biblioteca del 98 ;
Designación de volumen o secuencia 9
505 8# - NOTA DE CONTENIDO CON FORMATO
Nota de contenido con formato Contiene: Tres generaciones del Ateneo: discurso leído, como presidente del Ateneo, el 20 de noviembre de 1930, en la sesión de apertura de curso
600 14 - PUNTO DE ACCESO ADICIONAL DE MATERIA--NOMBRE DE PERSONA
Nombre de persona Ganivet, Ángel,
Fechas asociadas al nombre 1865-1898-
Subdivisión general Crítica e interpretación
9 (RLIN) 53866
610 24 - PUNTO DE ACCESO ADICIONAL DE MATERIA--NOMBRE DE ENTIDAD CORPORATIVA
Nombre de entidad corporativa o nombre de jurisdicción como elemento de entrada Ateneo de Madrid-
Subdivisión de forma Historia
9 (RLIN) 1925
610 24 - PUNTO DE ACCESO ADICIONAL DE MATERIA--NOMBRE DE ENTIDAD CORPORATIVA
Nombre de entidad corporativa o nombre de jurisdicción como elemento de entrada Ateneo de Madrid-
Subdivisión de forma Discursos de apertura-
Subdivisión cronológica S.XX.
9 (RLIN) 1913
700 1# - ENTRADA AGREGADA--NOMBRE PERSONAL
Nombre de persona Juliá, Santos,
Fechas asociadas al nombre 1940-2019
9 (RLIN) 67236
740 32 - ENTRADA AGREGADA--TÍTULO RELACIONADO/ANALÍTICO NO CONTROLADO
Título relacionado o analítico no controlado El Idearium de Ganivet (1921-1930)
830 1# - PUNTO DE ACCESO ADICIONAL DE SERIE-TÍTULO UNIFORME
Título uniforme Biblioteca del 98 ;
Designación de volumen o secuencia 9
9 (RLIN) 224276
852 ## - LOCALIZACIÓN
Ubicación ES-MaACL
itemnumber 185134
Sublocalización o colección R.145648
Número de control de estantería A-11237
Signatura antigua Olim: N-4241
Ubicación en estantería Depósito 1
942 ## - ELEMENTOS DE ENTRADA SECUNDARIOS (KOHA)
Fuente del sistema de clasificación o colocación Clasificación decimal universal
Tipo de ítem Koha Libro impreso
Holdings
Estatus retirado Estado de pérdida Fuente del sistema de clasificación o colocación Estado de daño No para préstamo Colección Biblioteca de origen Biblioteca actual Ubicación en estantería Fecha de adquisición Fuente de adquisición Total de préstamos Signatura topográfica completa Código de barras Visto por última vez Precio de reemplazo Tipo de ítem Koha
    Clasificación decimal universal     Fondo Ateneo de Madrid Biblioteca del Ateneo de Madrid Biblioteca del Ateneo de Madrid Depósito 1 24/05/2011 Compra   A-11237 1187270 23/02/2023 23/02/2023 Libro impreso